[Event "Olympiad Women-40"]
[Site "Istanbul"]
[Date "2012.09.01"]
[Round "5.1"]
[White "Garcia Morales, Ivette Alejandra"]
[Black "Lang, Heather"]
[Result "1-0"]
[WhiteElo "2014"]
[BlackElo "2015"]
[PlyCount "95"]
[EventDate "2012.08.28"]
[EventType "team-swiss"]
[EventRounds "11"]
[EventCountry "TUR"]
[SourceTitle "CBM 150 Extra"]
[Source "ChessBase"]
[SourceDate "2012.10.19"]
[SourceVersion "1"]
[SourceVersionDate "2012.10.19"]
[SourceQuality "1"]
[WhiteTeam "Mexico (W)"]
[BlackTeam "Scotland (W)"]
[WhiteTeamCountry "MEX"]
[BlackTeamCountry "SCO"]

1. d4 f5 2. Nc3 Nf6 3. Bg5 d5 4. Bxf6 exf6 5. e3 Be6 6. Bd3 Qd7 7. Qf3 Nc6 8. a3 g6 9. Nge2 Bf7 10. h3 Bg7 11. Nf4 0-0-0 12. Bb5 h5 13. Nd3 Qe6 14. 0-0-0 Bf8 15. Na4 b6 16. Nf4 Qd6 17. c4 Nb8 18. c5 Qe7 19. cxb6 axb6 20. Qe2 Kb7 21. Qc2 g5 22. Ne2 Rg8 23. Kb1 Bh6 24. Rc1 Qd6 25. Ng3 Bg6 26. Nxf5 Bxf5 27. Qxf5 c6 28. Be2 h4 29. Rc3 Bf8 30. Qd3 Be7 31. Rhc1 Rc8 32. Rb3 b5 33. Nc5+ Ka7 34. a4 b4 35. Rxb4 Rc7 36. Qb3 Qh2 37. Rb7+ Ka8 38. Qb6 Bxc5 39. Rxc5 Qg1+ 40. Ka2 Rxb7 41. Ra5+ Na6 42. Qxa6+ Kb8 43. Qa8+ Kc7 44. Qxg8 Qc1 45. Qf7+ Kb8 46. Qe8+ Kc7 47. Qe7+ Kc8 48. Ra8+ 1-0

[Event "Olympiad Women-39"]
[Site "Khanty-Mansiysk"]
[Date "2010.09.27"]
[Round "6.43"]
[White "Chen, I Chen"]
[Black "Lang, Heather"]
[Result "1-0"]
[WhiteElo "1699"]
[BlackElo "2025"]
[PlyCount "81"]
[EventDate "2010.09.21"]
[EventType "team-swiss"]
[EventRounds "11"]
[EventCountry "RUS"]
[SourceTitle "CBM 139"]
[Source "ChessBase"]
[SourceDate "2010.11.18"]
[SourceVersion "1"]
[SourceVersionDate "2010.11.18"]
[SourceQuality "1"]
[WhiteTeam "Taiwan (W)"]
[BlackTeam "Scotland (W)"]
[WhiteTeamCountry "TPE"]
[BlackTeamCountry "SCO"]

1. e4 e5 2. Nf3 Nc6 3. d4 exd4 4. Nxd4 Bc5 5. Be3 Qf6 6. c3 Nge7 7. Qd2 0-0 8. Nb5 Bxe3 9. Qxe3 Qe5 10. f4 Nd5 11. fxe5 Nxe3 12. Nxc7 Rb8 13. Na3 Nxe5 14. Kd2 Nxf1+ 15. Rhxf1 b5 16. b4 a6 17. c4 bxc4 18. Kc3 Bb7 19. Rad1 Bxe4 20. Rfe1 f5 21. Nxa6 Ra8 22. Rd6 Rf6 23. Rxf6 gxf6 24. b5 d5 25. Nc2 Bxc2 26. Kxc2 Kf7 27. Rd1 Nd3 28. Rb1 Ra7 29. b6 Rb7 30. Nc7 d4 31. a4 Nc5 32. a5 Na4 33. Nd5 d3+ 34. Kd2 Nc5 35. Kc3 Nb3 36. a6 Rd7 37. b7 Rxd5 38. b8Q Ra5 39. Qc7+ Kg6 40. Qxa5 Nxa5 41. a7 1-0

[Event "Olympiad Women-39"]
[Site "Khanty-Mansiysk"]
[Date "2010.09.21"]
[Round "1.8"]
[White "Lang, Heather"]
[Black "Hoang, Thanh Trang"]
[Result "0-1"]
[WhiteElo "2025"]
[BlackElo "2482"]
[PlyCount "88"]
[EventDate "2010.09.21"]
[EventType "team-swiss"]
[EventRounds "11"]
[EventCountry "RUS"]
[SourceTitle "CBM 139"]
[Source "ChessBase"]
[SourceDate "2010.11.18"]
[SourceVersion "1"]
[SourceVersionDate "2010.11.18"]
[SourceQuality "1"]
[WhiteTeam "Scotland (W)"]
[BlackTeam "Hungary (W)"]
[WhiteTeamCountry "SCO"]
[BlackTeamCountry "HUN"]

1. e4 e6 2. d4 d5 3. Nc3 Bb4 4. exd5 exd5 5. Qf3 Nc6 6. Bb5 Nge7 7. Nge2 Bf5 8. Bd3 Qd7 9. Bf4 0-0-0 10. Bxf5 Qxf5 11. 0-0-0 g5 12. Be3 f6 13. Qh5 Qg6 14. Qg4+ Kb8 15. h4 h5 16. Qh3 Nf5 17. hxg5 fxg5 18. Rd3 g4 19. Qh2 Bd6 20. Bf4 Bxf4+ 21. Nxf4 Qg5 22. Nce2 h4 23. Kb1 Rhe8 24. c3 Re4 25. g3 hxg3 26. fxg3 a6 27. Rdd1 Ne3 28. Rde1 Qf5 29. Nd3 Rde8 30. Nec1 Na5 31. b3 Nc6 32. Qh5 Qf3 33. Ne5 R4xe5 34. dxe5 Qe4+ 35. Kb2 Qc2+ 36. Ka3 Rxe5 37. Qh8+ Ka7 38. Ne2 Qd2 39. Nd4 Nxd4 40. Qxe5 Nec2+ 41. Kb2 Nb4+ 42. Ka3 Ndc2+ 43. Ka4 b5+ 44. Ka5 Nc6# 0-1

[Event "Uxbridge e2e4 Autumn (Women)"]
[Site "Uxbridge"]
[Date "2010.08.11"]
[Round "1"]
[White "Lalic, Susan"]
[Black "Lang, Heather"]
[Result "1-0"]
[WhiteElo "2298"]
[BlackElo "2059"]
[PlyCount "41"]
[EventDate "2010.08.11"]
[EventType "tourn"]
[EventRounds "9"]
[EventCountry "ENG"]
[SourceTitle "CBM 137 Extra"]
[Source "ChessBase"]
[SourceDate "2010.09.01"]
[SourceVersion "1"]
[SourceVersionDate "2010.09.01"]
[SourceQuality "1"]

1. e4 e5 2. Nf3 Nc6 3. d4 exd4 4. Bc4 Nf6 5. Ng5 Ne5 6. Qxd4 Nxc4 7. Qxc4 d5 8. exd5 h6 9. Ne4 Nxd5 10. 0-0 Be6 11. Qb5+ c6 12. Qxb7 Nb4 13. Bf4 Bd5 14. Re1 Be6 15. a3 Be7 16. axb4 0-0 17. Nbc3 Bh4 18. Rad1 Qe8 19. Bd6 f5 20. Bxf8 Rb8 21. Qxg7# 1-0

[Event "Olympiad Women-38"]
[Site "Dresden"]
[Date "2008.11.22"]
[Round "9"]
[White "Ramirez, Maria Eugenia"]
[Black "Lang, Heather"]
[Result "0-1"]
[WhiteElo "2016"]
[BlackElo "2063"]
[PlyCount "58"]
[EventDate "2008.11.13"]
[EventType "team-swiss"]
[EventRounds "11"]
[EventCountry "GER"]
[SourceTitle "CBM 128"]
[Source "ChessBase"]
[SourceDate "2009.01.28"]
[SourceVersion "1"]
[SourceVersionDate "2009.01.28"]
[SourceQuality "1"]
[WhiteTeam "Bolivia (W)"]
[BlackTeam "Scotland (W)"]
[WhiteTeamCountry "BOL"]
[BlackTeamCountry "SCO"]

1. e4 e5 2. Nf3 Nc6 3. Nc3 Nf6 4. Bb5 Bb4 5. Nd5 Nxd5 6. exd5 Nd4 7. Nxd4 exd4 8. Qg4 Qe7+ 9. Be2 d3 10. cxd3 0-0 11. 0-0 f5 12. Qf3 Qe5 13. Bd1 b6 14. Bb3 Bd6 15. Qh3 Bb7 16. d4 Qxd4 17. Qe3 Qh4 18. f4 Rae8 19. Qf3 Re7 20. g3 Qh6 21. Bc4 Bc5+ 22. Kg2 Qd6 23. a3 Rfe8 24. a4 Re4 25. b3 Bxd5 26. Bxd5+ Qxd5 27. Kh1 Qd4 28. Rb1 Re1 29. d3 Qg1+ 0-1

[Event "BCF-chT3 0809 (4NCL)"]
[Site "Hinckley Island"]
[Date "2008.10.18"]
[Round "1.4"]
[White "Lang, Heather"]
[Black "Hawkins, James Nick"]
[Result "0-1"]
[WhiteElo "2063"]
[BlackElo "2013"]
[PlyCount "104"]
[EventDate "2008.10.18"]
[EventType "team-swiss"]
[EventRounds "11"]
[EventCountry "ENG"]
[SourceTitle "EXT 2010"]
[Source "ChessBase"]
[SourceDate "2010.11.25"]
[SourceVersion "1"]
[SourceVersionDate "2010.11.25"]
[SourceQuality "1"]
[WhiteTeam "Oxford II"]
[BlackTeam "Mindsports"]
[WhiteTeamCountry "ENG"]
[BlackTeamCountry "ENG"]

1. e4 e5 2. Nf3 Nc6 3. Bb5 a6 4. Ba4 Nf6 5. d4 exd4 6. 0-0 Be7 7. Re1 0-0 8. e5 Ne8 9. c3 dxc3 10. Nxc3 d6 11. exd6 Qxd6 12. Nd5 Be6 13. Bxc6 bxc6 14. Nxe7+ Qxe7 15. Ne5 c5 16. Qc2 Rc8 17. Be3 c4 18. Nxc4 Qh4 19. Ne5 Nd6 20. Rad1 Rfe8 21. Nf3 Qh5 22. Nd4 Bd5 23. Bf4 Qg4 24. Rxe8+ Rxe8 25. Bg3 Qxd4 26. h3 Qe4 27. Qxe4 Bxe4 28. Bxd6 cxd6 29. Rxd6 Bb7 30. f3 Kf8 31. Kf2 Re6 32. Rd8+ Ke7 33. Rh8 h6 34. Rg8 Kf6 35. h4 Bd5 36. g4 Bxa2 37. g5+ hxg5 38. hxg5+ Kg6 39. f4 Rb6 40. f5+ Kxg5 41. Rxg7+ Kxf5 42. Rh7 Rxb2+ 43. Ke3 Ke5 44. Rh6 Bc4 45. Rh5+ f5 46. Rh4 f4+ 47. Kf3 Bd5+ 48. Kg4 Rg2+ 49. Kh3 Rg1 50. Rh5+ Kd4 51. Rf5 Be6 52. Kh2 Bxf5 0-1

[Event "BCF-chT3 0607 (4NCL)"]
[Site "Sunningdale"]
[Date "2007.05.05"]
[Round "9.4"]
[White "Stimpson, Philip M"]
[Black "Lang, Heather"]
[Result "1-0"]
[WhiteElo "2097"]
[BlackElo "2061"]
[PlyCount "43"]
[EventDate "2006.09.16"]
[EventType "team"]
[EventRounds "11"]
[EventCountry "ENG"]
[SourceTitle "EXT 2008"]
[Source "ChessBase"]
[SourceDate "2007.11.25"]
[SourceVersion "1"]
[SourceVersionDate "2007.11.25"]
[SourceQuality "1"]
[WhiteTeam "Guildford IV"]
[BlackTeam "Pride and Prejudice "]
[WhiteTeamCountry "ENG"]
[BlackTeamCountry "ENG"]

1. e4 e5 2. Nf3 Nc6 3. d4 exd4 4. Nxd4 Bc5 5. Be3 Qf6 6. Nb5 Bxe3 7. fxe3 Qh4+ 8. g3 Qxe4 9. Nxc7+ Kd8 10. Nxa8 Qxh1 11. Qd6 Nge7 12. Nd2 Qd5 13. Qc7+ Ke8 14. Qxc8+ Nxc8 15. Nc7+ Ke7 16. Nxd5+ Kd6 17. Bg2 Re8 18. 0-0-0 Ne5 19. Ne4+ Kc6 20. Nef6 Rd8 21. Ne8 Kc5 22. Nxg7 1-0

[Event "BCF-chT 0304 (4NCL)"]
[Site "West Bromwich"]
[Date "2003.10.18"]
[Round "1.8"]
[White "Milligan, Helen"]
[Black "Lang, Heather"]
[Result "0-1"]
[WhiteElo "2076"]
[BlackElo "2070"]
[PlyCount "132"]
[EventDate "2003.10.18"]
[EventType "team"]
[EventRounds "11"]
[EventCountry "ENG"]
[SourceTitle "EXT 2005"]
[Source "ChessBase"]
[SourceDate "2004.11.15"]
[SourceVersion "1"]
[SourceVersionDate "2004.11.15"]
[SourceQuality "1"]
[WhiteTeam "Micro Mark NWE"]
[BlackTeam "Guildford"]
[WhiteTeamCountry "ENG"]
[BlackTeamCountry "ENG"]

1. e4 e5 2. Nf3 Nc6 3. d4 exd4 4. Nxd4 Bb4+ 5. c3 Be7 6. Nxc6 bxc6 7. Bd3 d6 8. 0-0 Nf6 9. Nd2 0-0 10. Qc2 h6 11. Nf3 Re8 12. Bd2 Bf8 13. h3 c5 14. Rae1 Bb7 15. c4 Rb8 16. Bf4 g6 17. Bh2 Bg7 18. e5 Nh7 19. e6 f5 20. b3 Bxf3 21. gxf3 Ng5 22. Kh1 Nxf3 23. Re3 Nd4 24. Qd1 Qf6 25. Rfe1 Re7 26. Bf1 Rbe8 27. Bg2 f4 28. Re4 f3 29. Bf1 Rxe6 30. Rxe6 Rxe6 31. Bg3 g5 32. Bd3 h5 33. Be4 Kf8 34. Bd3 Qe7 35. Rxe6 Qxe6 36. Bf1 Be5 37. Qd2 Qf5 38. Qd3 Qxd3 39. Bxd3 Bxg3 40. fxg3 Kf7 41. Kg1 h4 42. gxh4 gxh4 43. Kf2 Kf6 44. Ke3 Ke5 45. Bg6 a5 46. Bh7 c6 47. Bg6 d5 48. Be8 Kf5 49. Bd7+ Kg5 50. Be8 Kf6 51. Bh5 Nc2+ 52. Kxf3 Nb4 53. Be8 Nxa2 54. Bxc6 d4 55. Be4 Ke5 56. Bc2 Nb4 57. Bb1 Nc6 58. Bd3 Ne7 59. Kg4 Ng8 60. Bb1 Nf6+ 61. Kf3 Nh5 62. Kg4 Nf4 63. Bc2 d3 64. Bd1 Ke4 65. Kxh4 Ke3 66. Kg4 Nxh3 0-1

[Event "BCF-chT 0203 (4NCL)"]
[Site "West Bromwich"]
[Date "2003.03.09"]
[Round "6.8"]
[White "Lang, Heather"]
[Black "Jackson, Sheila"]
[Result "1/2-1/2"]
[WhiteElo "2069"]
[BlackElo "2173"]
[PlyCount "55"]
[EventDate "2002.11.??"]
[EventType "team"]
[EventRounds "11"]
[EventCountry "ENG"]
[SourceTitle "EXT 2004"]
[Source "ChessBase"]
[SourceDate "2003.11.25"]
[SourceVersion "1"]
[SourceVersionDate "2003.11.25"]
[SourceQuality "1"]
[WhiteTeam "Guildford"]
[BlackTeam "Wood Green II"]
[WhiteTeamCountry "ENG"]
[BlackTeamCountry "ENG"]

1. e4 e5 2. Nf3 Nc6 3. Bb5 a6 4. Ba4 Nf6 5. d4 exd4 6. 0-0 Be7 7. e5 Ne4 8. Nxd4 Nxd4 9. Qxd4 Nc5 10. Nc3 0-0 11. Bg5 Nxa4 12. Bxe7 Qxe7 13. Nxa4 Rd8 14. Rfe1 b6 15. Rad1 Bb7 16. Re3 Qe6 17. Nc3 Bc6 18. Ne2 Re8 19. Ng3 Qg6 20. Rde1 Re6 21. c4 Rae8 22. f4 f5 23. Qd3 Rf8 24. Qe2 a5 25. Nf1 d6 26. exd6 Rxe3 27. Nxe3 Qxd6 28. Qf2 1/2-1/2

[Event "BCF-chT3 0203 (4NCL)"]
[Site "West Bromwich"]
[Date "2003.01.18"]
[Round "3.6"]
[White "Lang, Heather"]
[Black "Kafka, Graeme"]
[Result "0-1"]
[WhiteElo "2069"]
[BlackElo "2116"]
[PlyCount "80"]
[EventDate "2002.11.??"]
[EventType "team"]
[EventRounds "11"]
[EventCountry "ENG"]
[SourceTitle "EXT 2004"]
[Source "ChessBase"]
[SourceDate "2003.11.25"]
[SourceVersion "1"]
[SourceVersionDate "2003.11.25"]
[SourceQuality "1"]
[WhiteTeam "Guildford III"]
[BlackTeam "Mindsports"]
[WhiteTeamCountry "ENG"]
[BlackTeamCountry "ENG"]

1. e4 c5 2. Nc3 Nc6 3. g3 g6 4. Bg2 Bg7 5. d3 d6 6. Be3 Rb8 7. Qd2 b5 8. Nge2 Nd4 9. 0-0 Bg4 10. f3 Bd7 11. Nd1 e6 12. Nc1 Ne7 13. c3 Ndc6 14. Bh6 0-0 15. Bxg7 Kxg7 16. f4 Qb6 17. Ne3 f5 18. g4 b4 19. Nc4 Qc7 20. gxf5 exf5 21. Ne2 Be6 22. Ne3 bxc3 23. Qxc3+ Kg8 24. d4 fxe4 25. Bxe4 Nb4 26. f5 Nxf5 27. Nf4 Qe7 28. a3 cxd4 29. Nxf5 gxf5 30. Qxd4 fxe4 31. axb4 Rxf4 32. Rxf4 Qg5+ 33. Kh1 Qxf4 34. Rg1+ Kf8 35. Qh8+ Ke7 36. Qxb8 Qf3+ 37. Rg2 e3 38. Qxa7+ Bd7 39. Qd4 Qf1+ 40. Rg1 Bc6+ 0-1

[Event "Olympiad Women-35"]
[Site "Bled"]
[Date "2002.10.29"]
[Round "4.2"]
[White "Guerrero Rodriguez, Alejandra"]
[Black "Lang, Heather"]
[Result "1/2-1/2"]
[WhiteElo "2020"]
[BlackElo "2058"]
[PlyCount "60"]
[EventDate "2002.10.26"]
[EventType "team-swiss"]
[EventRounds "14"]
[EventCountry "SLO"]
[SourceTitle "EXT 2003"]
[Source "ChessBase"]
[SourceDate "2002.11.25"]
[SourceVersion "1"]
[SourceVersionDate "2002.11.25"]
[SourceQuality "1"]
[WhiteTeam "Mexico (W)"]
[BlackTeam "Scotland (W)"]
[WhiteTeamCountry "MEX"]
[BlackTeamCountry "SCO"]

1. e4 e5 2. Nf3 Nc6 3. Bb5 a6 4. Ba4 Nf6 5. 0-0 b5 6. Bb3 Bb7 7. c3 Nxe4 8. Re1 d5 9. d3 Nc5 10. Nxe5 Nxe5 11. Rxe5+ Be7 12. Qe2 Nxb3 13. axb3 f6 14. Re6 d4 15. Bf4 Kf7 16. Nd2 Re8 17. Re1 g6 18. c4 Qd7 19. Nf3 Bxf3 20. Qxf3 Bd6 21. Rxe8 Rxe8 22. Qd5+ Kg7 23. Re4 bxc4 24. bxc4 Qa4 25. g3 Rxe4 26. Qxe4 Bxf4 27. gxf4 Qd1+ 28. Kg2 Qg4+ 29. Kf1 Qd1+ 30. Kg2 Qg4+ 1/2-1/2